000 00925nam a22002297a 4500
008 240604b mp ||||| |||| 00| 0 mon d
035 _a4178
040 _aDA0445040
_bmon
_cMN-UlNLM
_dMN-UlNLM
_erda
041 _amon
042 _a13218
082 _221
_a070.4
_bБ.109
100 _aБаасансүрэн Т.
245 0 _aХХ зууны эхэн үеийн монголын чөлөөт хэвлэл
264 _aУлаанбаатар
_bМОНЦАМЭ агентлагийн ХҮ
_c2009
300 _a302 х.
336 _2rdacontent
_atext
_btxt
337 _2rdamedia
_aunmediated
_bn
338 _2rdacarrier
_avolume
_bnc
490 _v1
650 _aСэтгүүл зүй түүх, сэтгүүл, Бичлэг Гарчиг: Анхдугаар хэвлэлийн оршил, Хоёр дахь хэвлэлийн оршил, "Хураангуй сэтгүүл" сонины ний...
942 _210-t
_cBK
999 _c740578
_d740635